00571nam a22001577a 4500003000400000008004100004020001800045100002400063245007400087260003700161300001400198650002500212942001200237999001700249952014700266OSt250215b |||||||| |||| 00| 0 eng d a9788197980770 aMAHAJAN, Aakankshan aThe Future Nexus: Spectrum of Emerging Technologies and applications  aNew Delhi,bNaples India:c2024. avii,264p. aFaculty Publication  2ddccBK c13134d13134 00102ddc40708Faculty PublicationaPIETbPIETd2025-02-15eNaples IndiafINRg495.00l0p38724r2025-02-15 00:00:00v495.00w2025-02-04yBK